|
|
|
|
| LEADER |
01755nam a2200409 a 4500 |
| 001 |
000589620 |
| 003 |
CZ BrMZK |
| 005 |
20190711101013.0 |
| 007 |
ta |
| 008 |
020308s2001 xr e f cze d |
| 015 |
|
|
|a cnb001161082
|
| 020 |
|
|
|a 80-86364-40-2
|q (soubor)
|
| 035 |
|
|
|a (OCoLC)51185713
|
| 040 |
|
|
|a BOA001
|b cze
|
| 072 |
|
7 |
|a 697
|x Vytápění, větrání, klimatizace
|2 Konspekt
|9 19
|
| 080 |
|
|
|a 697.92
|2 MRF
|
| 080 |
|
|
|a 628.8
|2 MRF
|
| 080 |
|
|
|a 643.3
|2 MRF
|
| 080 |
|
|
|a (036)
|2 MRF
|
| 100 |
1 |
|
|a Mathauserová, Zuzana,
|d 1950-
|7 mzk2003185115
|4 aut
|
| 245 |
1 |
0 |
|a Větrání kuchyní /
|c [zpracoval: Zuzana Mathauserová, Petr Morávek]
|
| 260 |
|
|
|a Praha :
|b Informační centrum ČKAIT,
|c 2001
|
| 300 |
|
|
|a 14 s. :
|b il. ;
|c 30 cm
|
| 490 |
1 |
|
|a Doporučený standard technický. Skupina: budovy pro obchod a veřejné stravování, zařízení pro větrání a klimatizaci ;
|v soubor 4 : č. 10
|
| 500 |
|
|
|a Vydavatel: Česká komora autorizovaných inženýrů a techniků činných ve výstavbě
|
| 500 |
|
|
|a Název z obálky
|
| 504 |
|
|
|a Obsahuje bibliografii
|
| 650 |
0 |
7 |
|a větrání
|7 ph116683
|2 czenas
|
| 650 |
0 |
7 |
|a vnitřní prostředí budov
|7 ph127154
|2 czenas
|
| 650 |
0 |
7 |
|a kuchyně
|7 ph115028
|2 czenas
|
| 655 |
|
7 |
|a informační publikace
|7 fd132454
|2 czenas
|
| 700 |
1 |
|
|a Morávek, Petr,
|d 1946-
|7 xx0042522
|4 aut
|
| 710 |
2 |
|
|a Česká komora autorizovaných inženýrů a techniků činných ve výstavbě
|7 kn20010725041
|
| 830 |
|
0 |
|a Doporučený standard technický.
|n Skupina: budovy pro obchod a veřejné stravování, zařízení pro větrání a klimatizaci
|
| 910 |
|
|
|a BOA001
|b 4-1095.709
|
| 990 |
|
|
|a BK
|
| 996 |
6 |
|
|b 2610155579
|c 4-1095.709
|l MZK
|r Sklad / do 1 hodiny
|n 7
|p p.v.
|w 000589620
|u 000010
|a 1
|e BOA001
|j MZK50
|s P
|